Island Countries - Sudden Death - Hard - Statistics

General Stats
  • This quiz has been taken 544 times
  • The average score is 16 of 20
Answers on the Grid
Answers color-coded by a green-red scale on the quiz's grid according to % correct below.
Tahiti
Dominican Republic
Dominica
Hong Kong
Kiribati
Singapore
Easter Island
Greenland
Madagascar
Zanzibar
Iceland
Ireland
Puerto Rico
Papua New Guinea
Philippines
Cuba
New Caledonia
New Zealand
Brunei
Bali
Wales
Solomon Islands
Faroe Islands
Marshall Islands
Niue
Mauritius
Scotland
Hawaii
Bahamas
Madeira
Bermuda
Bahrain
Saint Croix
Saint Barthélemy
Saint Helena
Saint Kitts and Nevis
Saint Lucia
Saint Martin
Saint Pierre and Miquelon
Saint Vincent and the Grenadines
 
Answer Stats
Answer % Correct
Dominican Republic
90%
Dominica
86%
Iceland
85%
Kiribati
85%
Cuba
84%
Madagascar
84%
New Zealand
83%
Philippines
83%
Ireland
82%
Papua New Guinea
80%
Singapore
80%
Solomon Islands
78%
Bahamas
77%
Marshall Islands
77%
Mauritius
76%
Saint Lucia
75%
Saint Kitts and Nevis
74%
Saint Vincent and the Grenadines
74%
Brunei
73%
Bahrain
71%
No matching quizzes found
Score Distribution
Percent of People with Each Score
Percentile by Number Answered
Your Score History
You have not taken this quiz